000 00544nam a22001817a 4500
005 20250624101330.0
008 250624b |||||||| |||| 00| 0 eng d
020 _a9780443116988
040 _cPK-LaUMT
082 _a612.64
_bPER-D
100 _aPersaud, T. V. N.
_96471
245 _aThe developing human :
_bclinically oriented embryology /
_cby T. V. N. Persaud and Mark G. Torchia
260 _aNew York :
_bElsevier,
_c2025
300 _a504 p.
650 _aEmbryology human
_96472
650 _aAbnormalites human
_96473
942 _cBK
999 _c137838
_d137838